Naturaleza humana y educación

Spremljeno u:
Bibliografski detalji
Glavni autor: Merani, Alberto L. (autor)
Format: Knjiga
Jezik:španjolski
Izdano: Ciudad de México Grijalbo 1972
Serija:Colección pedagógica
Teme:
Oznake: Dodaj oznaku
Bez oznaka, Budi prvi tko označuje ovaj zapis!

MARC

LEADER 00000nam a2200000 a 4500
001 UCY8977
003 CL-VaPUC
008 950707e19720000MX |||||||||||||||||spa|d
082 0 4 |a 370.15  |b MER  |2 21 
100 |a Merani, Alberto L.  |e autor  |9 549989 
245 1 0 |a Naturaleza humana y educación 
300 |a 186 p 
942 |c BK 
945 |d 19950707 00:00:00  |a cmena 
260 |a Ciudad de México  |b Grijalbo  |c 1972 
650 0 |a Educación básica   |9 224933 
650 0 |a Naturaleza humana   |9 308593 
650 0 |a Investigación educacional   |9 261192 
650 7 |a CIENCIAS DEL COMPORTAMIENTO  |2 CL-VaPUC  |9 340912 
650 0 |a Psicología educacional   |9 307830 
650 0 |a Métodos de enseñanza  |9 270413 
650 0 |a Desarrollo individual   |9 307875 
650 7 |a HOMBRE  |2 CL-VaPUC  |9 262149 
583 |a last modification  |c 19950707 00:00:00  |k Rodrigo Vera 
490 0 |a Colección pedagógica 
999 |c 236153  |d 236151 
952 |0 0  |1 0  |4 0  |6 370_150000000000000_MER_1972  |7 0  |8 P  |9 244033  |a BIBEDU  |b BIBEDU  |c BIBEDU_PB  |d 2019-11-18  |i 1529536  |o 370.15 MER 1972  |p 1529536  |r 2024-01-25  |w 2019-11-18  |y BK  |k EDU